000
00271nam a22001217a 4500
008
180809b xxu||||| |||| 00| 0 eng d
041
_a
eng
080
_a
616-053.2
100
_a
8
101
_a
PED
245
_a
The Harriet Lane Handbook
_c
Johnson,K.B
942
_2
udc
_c
BK
999
_c
46980
_d
46980